000 00507nmm a2200217 a 4500
003 AR-BaBNM
005 20251128203405.0
008 130020s[s.f ||||||||||||||000 | spa||
040 _cAR-BaBNM
100 1 _aAlas, Claudio de
245 1 0 _aEl cansancio de Claudio de Alas
260 _aBuenos Aires
_bTor
_c[s.f.]
300 0 _a187 p.
650 4 _aLITERATURA CONTEMPORANEA
650 4 _aPROSA
650 4 _aPOESIA
651 4 _aColombia
655 _aLITERATURA
942 _cBK
998 _cCarmen
999 _c3168
_d3168